000 00646nam a22002537a 4500
003 UA-OsUOA
001 25318
007 ta
008 20040331b un ||||| |||| 00| 0 ukr d
100 _aШемакин Ю.И.
090 _a004.423.46
_bШ46
942 _cBK
040 _aUA-OsUOA
_brus
_cUA-OsUOA
_dUA-OsUOA
245 _aСемантика самоорганизующихся систем
300 _a176 с.
955 _a0
041 _arus
080 _a004.423.46
020 _a5-8291-0168-8
260 _aМосква
_bАкадемический Проект
_c2003
044 _aRU
650 7 _2UDC
999 _c311611
_d311611